000 00380nam a22001217a 4500
082 _a200 THE
100 _aMUHAMMAD HARAS
_970006
245 _aTH-SOF-1383- DIESEL ENGINE NITRIC OXIDE (NOx) EMISSION OPTIMIZATION AND RUBUST CONTROL
260 _aIslamabad
_bNUST College of EME
_c2017
650 _aMS-ELECT-79 MSTHESIS
700 _aSupervisor DR. MUWAHIDA LIAQUAT
942 _cCF
999 _c577065
_d577065